000 00591nam a22001937i 4500
999 _c20335
_d20335
001 IT\ICCU\PUV\0534638
003 ItRI
005 20240715111437.0
008 000331s2000 it |||||| ||||| |||||c
020 _a8801017898
040 _bita
_cIUSTO
041 7 _aita
_2ISO-639-2
082 _a371.42
100 1 _aDe Pieri, Severino
_0IT\ICCU\CFIV\008630
_4aut
245 1 0 _aOrientamento educativo e accompagnamento vocazionale /
_cSeverino De Pieri.
260 _aLeumann, \Rivoli! :
_bElledici,
_c\2000!
300 _a142 p. ;
_c21 cm.
830 0 _aSistema preventivo ;
_v8
_0IT\ICCU\PUV\0534639
982 1 _6z01
_an
942 _2ddc
_cBK
981 1 _6z01
_ai
_bxxxe